000 00506nam a22001697a 4500
005 20251108164219.0
008 250721s2000 xx 000 0 ara d
082 1 4 _a343.10962/خلي
100 1 _aخليل، عدلي
245 1 0 _aالدفوع الجوهريه في المواد الجنائية /
264 1 _aالقاهرة :
_bدار الكتب القانونيه،
_c2000.
300 _a899ص
650 1 7 _aالقانون الجنائي
650 1 7 _aمصر
942 _2ddc
_cREF
999 _c6512
_d6512